[Event "SR 5. liga SE-SI 2015/2016"]
[Site "?"]
[Date "2015.12.19"]
[Round "4.5"]
[White "Fajtakova, Silvia"]
[Black "Steiner, Juraj"]
[Result "1-0"]
[WhiteElo "1177"]
[BlackElo "1000"]
[PlyCount "92"]
[EventDate "2015.??.??"]

1. e4 d5 2. exd5 Qxd5 3. Nc3 Qa5 4. d3 c6 5. Bd2 Qc7 6. Nf3 Bg4 7. Be2 e6 8.
O-O Bxf3 9. Bxf3 Bd6 10. g3 Nf6 11. Bg5 Nbd7 12. Qd2 Ne5 13. Bg2 O-O-O 14. Qe3
Nfg4 15. Qxa7 f6 16. Bf4 g5 17. Bxe5 Bxe5 18. Qa4 Nh6 19. Rab1 Nf7 20. Bh3 f5
21. Qb3 Qd6 22. a4 g4 23. Bg2 h5 24. Qc4 h4 25. Nb5 Qb8 26. Qxe6+ Rd7 27. d4
cxb5 28. dxe5 Qxe5 29. Qxe5 Nxe5 30. gxh4 Rxh4 31. axb5 Rdh7 32. Rfe1 Rxh2 33.
Rxe5 f4 34. Rc5+ Kb8 35. f3 gxf3 36. Bxf3 R7h6 37. Bg2 Rh7 38. Rf5 R2h4 39. Re1
Rg4 40. Re8+ Kc7 41. Rc5+ Kb6 42. Rf5 Rhg7 43. Re6+ Kc7 44. b6+ Kd8 45. Re2
R7g6 46. Rd5+ Kc8 1-0

[Event "SR 5. liga SE-SI 2015/2016"]
[Site "?"]
[Date "2016.01.16"]
[Round "5.1"]
[White "Zlamal, Marek"]
[Black "Brunovsky, Peter"]
[Result "1/2-1/2"]
[WhiteElo "1730"]
[BlackElo "1838"]
[PlyCount "32"]
[EventDate "2015.??.??"]

1. d4 d5 2. e3 Nf6 3. c4 e6 4. Nc3 Be7 5. Nf3 O-O 6. Bd2 b6 7. Bd3 Bb7 8. O-O
Nbd7 9. Rc1 a6 10. a3 Re8 11. cxd5 exd5 12. h3 Bd6 13. Nh2 Qe7 14. f4 Nf8 15.
Ng4 Nxg4 16. hxg4 c5 1/2-1/2

[Event "SR 5. liga SE-SI 2015/2016"]
[Site "?"]
[Date "2016.01.16"]
[Round "5.1"]
[White "Hyza, Richard"]
[Black "Svrcek, Daniel"]
[Result "0-1"]
[WhiteElo "1000"]
[BlackElo "1340"]
[PlyCount "78"]
[EventDate "2015.??.??"]

1. e4 e6 2. Nc3 d5 3. f3 Bb4 4. b3 Nf6 5. Bb2 Bxc3 6. Bxc3 dxe4 7. Bxf6 Qxf6 8.
fxe4 Qh4+ 9. g3 Qxe4+ 10. Qe2 Qxh1 11. Nf3 b6 12. O-O-O Bb7 13. Bg2 Bxf3 14.
Bxf3 Qxd1+ 15. Qxd1 c6 16. Bxc6+ Nxc6 17. Qf3 Rc8 18. Kb2 O-O 19. a3 Nd4 20.
Qd3 Rxc2+ 21. Kb1 e5 22. Qe4 Re8 23. a4 Rxd2 24. Kc1 Nxb3+ 25. Kb1 Rxh2 26. Qe1
Rc8 27. g4 Rc1+ 28. Qxc1 Nxc1 29. Kxc1 f6 30. Kd1 Kf7 31. Ke1 Ke6 32. Kf1 Kd5
33. Kg1 Ra2 34. Kf1 Ke4 35. Ke1 Kd3 36. Kf1 Ke3 37. g5 fxg5 38. a5 bxa5 39. Ke1
Ra1# 0-1

[Event "SR 5. liga SE-SI 2015/2016"]
[Site "?"]
[Date "2016.01.16"]
[Round "5.1"]
[White "Horak, Viliam"]
[Black "Horinka, Tomas"]
[Result "1-0"]
[WhiteElo "1000"]
[BlackElo "1000"]
[PlyCount "67"]
[EventDate "2015.??.??"]

1. d4 d5 2. c4 e6 3. Nc3 Nf6 4. Bg5 Bd6 5. cxd5 exd5 6. Nxd5 Nxd5 7. Bxd8 Kxd8
8. Nf3 Bd7 9. e4 Nb6 10. Bd3 Nc6 11. O-O Bg4 12. Be2 Kc8 13. Re1 Bb4 14. Nd2
Bd7 15. Rf1 a6 16. a3 Be7 17. Nc4 Nxc4 18. Bxc4 Be6 19. d5 Rd8 20. Qb3 Na5 21.
Qc3 Kb8 22. dxe6 fxe6 23. Qxa5 Ka7 24. Qe5 Rac8 25. Bxe6 Ka8 26. Bxc8 Rxc8 27.
Qxe7 h5 28. Rad1 g5 29. Rd8 Rxd8 30. Qxd8+ Ka7 31. Qd4+ Ka8 32. Rd1 Kb8 33.
Qd8+ Ka7 34. Qxg5 1-0

[Event "SR 5. liga SE-SI 2015/2016"]
[Site "?"]
[Date "2016.01.16"]
[Round "5.1"]
[White "Volek, Vladimir"]
[Black "Sefcik, Oliver"]
[Result "0-1"]
[WhiteElo "1000"]
[BlackElo "1000"]
[PlyCount "116"]
[EventDate "2015.??.??"]

1. e4 e6 2. Nc3 d5 3. f3 c5 4. Bb5+ Bd7 5. Bxd7+ Nxd7 6. Nh3 Ne5 7. d3 d4 8.
Bg5 f6 9. Bh4 dxc3 10. bxc3 Ne7 11. d4 Nd7 12. dxc5 Nxc5 13. Qxd8+ Rxd8 14. Rd1
Nc6 15. Rxd8+ Nxd8 16. O-O Be7 17. Bf2 O-O 18. Bxc5 Bxc5+ 19. Kh1 Nc6 20. Nf4
Re8 21. h3 e5 22. Nd3 Bb6 23. f4 Ba5 24. fxe5 Nxe5 25. Nf4 Bxc3 26. Nh5 Ng6 27.
Rf3 Rxe4 28. Rxc3 Re1+ 29. Kh2 Ra1 30. Rc8+ Kf7 31. Rc7+ Kf8 32. Nxg7 Re1 33.
Rxb7 Re7 34. Rxe7 Nxe7 35. Ne6+ Kf7 36. c4 Kxe6 37. Kg3 Nc6 38. Kh4 Ne5 39. c5
Kd5 40. Kh5 Nf7 41. c6 Kxc6 42. g4 Kb5 43. h4 Kb4 44. g5 fxg5 45. hxg5 Nxg5 46.
Kxg5 Ka3 47. Kf4 Kxa2 48. Ke3 h5 49. Kf3 a5 50. Kg3 Kb2 51. Kh4 a4 52. Kxh5 a3
53. Kg4 a2 54. Kh5 a1=Q 55. Kg5 Qa4 56. Kf5 Qd4 57. Kg5 Qe4 58. Kh5 Qg2 0-1

[Event "SR 5. liga SE-SI 2015/2016"]
[Site "?"]
[Date "2016.01.16"]
[Round "5.1"]
[White "Steiner, Juraj"]
[Black "Daniel, Jakub"]
[Result "1-0"]
[WhiteElo "1000"]
[BlackElo "1000"]
[PlyCount "85"]
[EventDate "2015.??.??"]

1. c4 c5 2. Nc3 Nc6 3. Nf3 Nf6 4. g3 g6 5. Bg2 Bg7 6. d3 d6 7. Bd2 Bd7 8. O-O
O-O 9. Nd5 e6 10. Nxf6+ Qxf6 11. Qb3 Rab8 12. Ng5 Nd4 13. Qd1 Qe5 14. Re1 Bc6
15. Bxc6 bxc6 16. Bf4 Qf5 17. Rb1 e5 18. Be3 d5 19. cxd5 cxd5 20. Qc1 Rbc8 21.
Bxd4 exd4 22. Nh3 Qxh3 23. Qg5 Bh6 24. Qxd5 Rfd8 25. Qe5 Bg7 26. Qg5 f6 27. Qd2
Rd5 28. f4 Rh5 29. Kf2 c4 30. Rbc1 Qxh2+ 31. Kf3 f5 32. Rh1 c3 33. bxc3 dxc3
34. Qe3 c2 35. Rxh2 Rxh2 36. Qe6+ Kf8 37. Qxc8+ Kf7 38. Rxc2 Bc3 39. Rxc3 Kg7
40. g4 fxg4+ 41. Qxg4 h5 42. Qg5 a5 43. Rc7+ 1-0

[Event "SR 5. liga SE-SI 2015/2016"]
[Site "?"]
[Date "2016.01.16"]
[Round "5.2"]
[White "Jankovic, Vit"]
[Black "Tomasovic, Roman"]
[Result "0-1"]
[WhiteElo "1118"]
[BlackElo "1547"]
[PlyCount "56"]
[EventDate "2015.??.??"]

1. e4 e5 2. Nc3 Nc6 3. Bc4 Nf6 4. Nf3 Bc5 5. Nxe5 Bxf2+ 6. Kxf2 Nxe5 7. d3 d6
8. Rf1 O-O 9. Kg1 Nxc4 10. dxc4 h6 11. Qe2 Qd7 12. h3 Re8 13. Bd2 b6 14. Rae1
Bb7 15. Qd3 Re6 16. Rf4 Rae8 17. b3 Nh7 18. a4 Rg6 19. Re2 Ng5 20. Rg4 c5 21.
Bxg5 Rxg5 22. Rxg5 hxg5 23. Qg3 Qe7 24. Qg4 Qe5 25. Nd5 Bxd5 26. cxd5 f5 27.
Qf3 fxe4 28. Qg4 Qxd5 0-1

[Event "SR 5. liga SE-SI 2015/2016"]
[Site "?"]
[Date "2016.01.16"]
[Round "5.2"]
[White "Tomasovic, Pavol"]
[Black "Simek, Adam"]
[Result "1-0"]
[WhiteElo "1319"]
[BlackElo "1097"]
[PlyCount "81"]
[EventDate "2015.??.??"]

1. e4 e5 2. Nf3 Nc6 3. Bb5 Nf6 4. O-O Nxe4 5. d4 Nxd4 6. Nxd4 exd4 7. Qxd4 Qe7
8. Re1 f5 9. f3 Qh4 10. g3 Bc5 11. Qxc5 Qe7 12. Qxe7+ Kxe7 13. fxe4 d6 14.
exf5+ Kf6 15. g4 h5 16. h3 hxg4 17. hxg4 g6 18. Nc3 gxf5 19. g5+ Kf7 20. Bf4
Rh4 21. Bc4+ Kg7 22. Rf1 Be6 23. Bxe6 Rg4+ 24. Kf2 Rxf4+ 25. Kg3 Rg4+ 26. Kf3
Rxg5 27. Rg1 Kf6 28. Rxg5 Kxg5 29. Rg1+ Kf6 30. Bc4 Re8 31. Rg8 Re4 32. Bd3 Rh4
33. Nb5 c5 34. Nxd6 c4 35. Nxc4 Rh3+ 36. Rg3 Rh4 37. Nd6 Rg4 38. Rxg4 fxg4+ 39.
Kxg4 Ke6 40. Nxb7 Kd7 41. Kf4 1-0

[Event "SR 5. liga SE-SI 2015/2016"]
[Site "?"]
[Date "2016.01.16"]
[Round "5.2"]
[White "Nesnadny, Tomas"]
[Black "Sobekova, Adela"]
[Result "1-0"]
[WhiteElo "1000"]
[BlackElo "1146"]
[PlyCount "39"]
[EventDate "2015.??.??"]

1. e4 e5 2. Bc4 Nf6 3. d3 c6 4. Nf3 d5 5. exd5 cxd5 6. Bb3 Nc6 7. O-O Bg4 8.
Qe1 Bxf3 9. gxf3 Bd6 10. Nc3 d4 11. Nb5 Bb4 12. Bd2 Bxd2 13. Qxd2 O-O 14. Kh1
Re8 15. Rg1 Nh5 16. Rae1 Nf4 17. Rxe5 Rxe5 18. Qxf4 Rxb5 19. Qxf7+ Kh8 20.
Qxg7# 1-0

[Event "SR 5. liga SE-SI 2015/2016"]
[Site "?"]
[Date "2016.01.16"]
[Round "5.2"]
[White "Fajtakova, Silvia"]
[Black "Jankovic, Erik"]
[Result "1-0"]
[WhiteElo "1174"]
[BlackElo "1000"]
[PlyCount "71"]
[EventDate "2015.??.??"]

1. e4 e5 2. Nf3 Nc6 3. Bb5 Nf6 4. c3 Bc5 5. O-O d6 6. Re1 Bg4 7. h3 Bh5 8. d4
exd4 9. cxd4 Bb4 10. Bd2 Bxd2 11. Nbxd2 O-O 12. Qa4 Qd7 13. d5 Qd8 14. dxc6
bxc6 15. Bxc6 Rb8 16. Qxa7 Rxb2 17. Qa3 Rb8 18. Qc3 d5 19. e5 Ne4 20. Nxe4 dxe4
21. Bxe4 f6 22. Red1 Qe7 23. Bd5+ Kh8 24. exf6 Rxf6 25. Re1 Qd8 26. Be4 Qd6 27.
a4 Qa6 28. Red1 Rd6 29. Rxd6 cxd6 30. Ng5 Bg6 31. Bxg6 hxg6 32. Ne6 Rg8 33. Qd4
g5 34. Nxg5 Rf8 35. Qh4+ Kg8 36. Qh7# 1-0

[Event "SR 5. liga SE-SI 2015/2016"]
[Site "?"]
[Date "2016.01.16"]
[Round "5.2"]
[White "Visvader, Kristof"]
[Black "Novomeska, Karin"]
[Result "0-1"]
[WhiteElo "1000"]
[BlackElo "1066"]
[PlyCount "46"]
[EventDate "2015.??.??"]

1. e4 e5 2. Nf3 Nc6 3. Bc4 Be7 4. d3 d6 5. Ng5 Bxg5 6. Bxg5 Qxg5 7. Qf3 Nf6 8.
Nc3 Nd4 9. Qd1 c6 10. O-O O-O 11. b4 g6 12. g4 Bxg4 13. f3 Bh3+ 14. Kf2 Qg2+
15. Ke3 Qg5+ 16. Kf2 Qh4+ 17. Ke3 Qf4+ 18. Kf2 Qxh2+ 19. Ke3 b6 20. f4 Qg3+ 21.
Kd2 Bg4 22. Qe1 Qg2+ 23. Kc1 Qxc2# 0-1

[Event "SR 5. liga SE-SI 2015/2016"]
[Site "?"]
[Date "2016.01.16"]
[Round "5.3"]
[White "Ulehla, Jakub"]
[Black "Kanka, Tomas"]
[Result "1-0"]
[WhiteElo "1687"]
[BlackElo "1688"]
[PlyCount "35"]
[EventDate "2015.??.??"]

1. e4 e5 2. Nc3 Nf6 3. f4 Nc6 4. Nf3 Bb4 5. d3 d6 6. f5 d5 7. Nd2 O-O 8. a3 Bc5
9. Nb3 Bd4 10. Qf3 Bxc3+ 11. bxc3 Qd6 12. g4 g6 13. Bh6 Re8 14. Rg1 Na5 15.
Nxa5 Qc5 16. fxg6 Qxg1 17. Qxf6 Qe3+ 18. Bxe3 1-0

[Event "SR 5. liga SE-SI 2015/2016"]
[Site "?"]
[Date "2016.01.16"]
[Round "5.3"]
[White "Kastler, Peter"]
[Black "Diviak, Rudolf"]
[Result "1/2-1/2"]
[WhiteElo "1761"]
[BlackElo "1798"]
[PlyCount "46"]
[EventDate "2015.??.??"]

1. d4 d6 2. c4 g6 3. Nc3 Bg7 4. Nf3 Nf6 5. e3 O-O 6. Be2 Nbd7 7. O-O e5 8. dxe5
Nxe5 9. Nxe5 dxe5 10. e4 Be6 11. b3 Qd4 12. Qc2 c6 13. Bb2 Qb6 14. Rad1 Rad8
15. Na4 Qc7 16. Nc5 Bc8 17. Na4 Rfe8 18. f3 Nh5 19. Nc3 Nf4 20. Bc1 Qe7 21.
Rxd8 Rxd8 22. Rd1 Nxe2+ 23. Qxe2 Rxd1+ 1/2-1/2

[Event "SR 5. liga SE-SI 2015/2016"]
[Site "?"]
[Date "2016.01.16"]
[Round "5.3"]
[White "Trojkova, Michaela"]
[Black "Zajicek, Ferdinand"]
[Result "1-0"]
[WhiteElo "1565"]
[BlackElo "1774"]
[PlyCount "69"]
[EventDate "2015.??.??"]

1. f4 d5 2. Nf3 Nf6 3. e3 Nc6 4. Be2 g6 5. d3 Bg7 6. h3 O-O 7. O-O Nh5 8. Nbd2
Ng3 9. Re1 Nxe2+ 10. Qxe2 Re8 11. Rb1 Nb4 12. Nf1 c5 13. a3 Nc6 14. b3 e5 15.
fxe5 Nxe5 16. Nxe5 Rxe5 17. Bb2 Rg5 18. Qf3 Bxb2 19. Rxb2 Rf5 20. Qg3 Qf6 21.
Rbb1 Rg5 22. Qf2 Qe7 23. Qf3 h5 24. e4 dxe4 25. Rxe4 Be6 26. c4 h4 27. Rbe1 Rf5
28. Rf4 Qg5 29. Rxf5 Bxf5 30. Re5 Rd8 31. Rxc5 Rxd3 32. Qxd3 Qe7 33. Qe3 Be6
34. Rc8+ Kh7 35. Qe5 1-0

[Event "SR 5. liga SE-SI 2015/2016"]
[Site "?"]
[Date "2016.01.16"]
[Round "5.3"]
[White "Oslej, Marek"]
[Black "Mraz, Jan"]
[Result "1/2-1/2"]
[WhiteElo "1092"]
[BlackElo "1253"]
[PlyCount "120"]
[EventDate "2015.??.??"]

1. e4 g6 2. Nf3 Bg7 3. Bc4 e6 4. O-O b6 5. Nc3 Bb7 6. Re1 Ne7 7. d4 O-O 8. Be3
d5 9. Bd3 c5 10. dxc5 bxc5 11. Bxc5 Nd7 12. Be3 Rc8 13. Bd2 Ne5 14. Nxe5 Bxe5
15. exd5 Bxc3 16. Bxc3 Qxd5 17. f3 Qg5 18. Bd2 Qh5 19. Bb4 Rfe8 20. Bc3 Nf5 21.
Bxf5 Qxf5 22. Qd4 e5 23. Rxe5 Qxe5 24. Qxe5 Rxe5 25. Bxe5 Rxc2 26. Rd1 Rc8 27.
b3 Re8 28. Bd4 a6 29. Kf2 f5 30. Be3 Bc6 31. Rd6 Rc8 32. Bg5 Kf7 33. Rf6+ Kg7
34. Re6 Rc7 35. Re7+ Rxe7 36. Bxe7 Bb5 37. Ke3 Kf7 38. Bb4 g5 39. Bd2 Ke6 40.
Kd4 g4 41. Ke3 h5 42. h3 Kd5 43. Bc1 gxf3 44. gxf3 Bd7 45. Bb2 f4+ 46. Kxf4
Bxh3 47. Kg5 Bg2 48. f4 Bf3 49. f5 Kd6 50. f6 Bd5 51. Kxh5 Bf7+ 52. Kg4 Kc5 53.
Kf4 a5 54. Ke4 Kb4 55. Ke5 a4 56. bxa4 Bxa2 57. Bc3+ Kxa4 58. Kd6 Kb5 59. Ke7
Kc5 60. Bd2 Bb3 1/2-1/2

[Event "SR 5. liga SE-SI 2015/2016"]
[Site "?"]
[Date "2016.01.16"]
[Round "5.4"]
[White "Buran, Andrej ml"]
[Black "Cerovsky, Marian"]
[Result "0-1"]
[WhiteElo "1587"]
[BlackElo "1812"]
[PlyCount "56"]
[EventDate "2015.??.??"]

1. e4 e5 2. Nf3 d6 3. d4 exd4 4. Nxd4 Qh4 5. Nc3 g6 6. Be3 c6 7. Bc4 Bg7 8. Qf3
Qe7 9. O-O-O Nd7 10. Qe2 Ngf6 11. f4 Nxe4 12. Nxe4 Qxe4 13. Bd3 Qe7 14. g4 Nf6
15. g5 Nd5 16. Rhe1 O-O 17. Bc4 Nxe3 18. Qxe3 Qxe3+ 19. Rxe3 Bg4 20. Rdd3 d5
21. Bb3 c5 22. Nb5 c4 23. Rxd5 cxb3 24. Rxb3 Be6 25. Rbd3 Bxd5 26. Rxd5 a6 27.
Nc7 Rad8 28. Rxd8 Rxd8 0-1

[Event "SR 5. liga SE-SI 2015/2016"]
[Site "?"]
[Date "2016.01.16"]
[Round "5.4"]
[White "Damborsky, Pavol"]
[Black "Drozd, Jan"]
[Result "1/2-1/2"]
[WhiteElo "1686"]
[BlackElo "1560"]
[PlyCount "78"]
[EventDate "2015.??.??"]

1. e4 c5 2. Bc4 d6 3. Nf3 Nf6 4. d3 e6 5. Bg5 Be7 6. Nbd2 Nc6 7. a3 Bd7 8. h3
a6 9. Bxf6 Bxf6 10. c3 b5 11. Ba2 O-O 12. Nf1 e5 13. Ng3 Be6 14. Bd5 Bxd5 15.
exd5 Ne7 16. c4 Re8 17. Ne4 Ng6 18. O-O Be7 19. Qd2 h6 20. Ng3 Qd7 21. Nh2 Bg5
22. Qc2 Rf8 23. Nf3 Be7 24. Rae1 Rae8 25. Nh2 f5 26. Ne2 f4 27. Nf3 Nh4 28.
Nxh4 Bxh4 29. Kh1 f3 30. Ng1 fxg2+ 31. Kxg2 Qf5 32. Re4 Bd8 33. Qd2 Rf6 34. Rg4
Rg6 35. Qe2 Rf8 36. Rxg6 Qxg6+ 37. Kh1 Qf5 38. b3 Bh4 39. f3 Rf6 1/2-1/2

[Event "SR 5. liga SE-SI 2015/2016"]
[Site "?"]
[Date "2016.01.16"]
[Round "5.4"]
[White "Hrdlicka, Martin"]
[Black "Dubecky, Ladislav"]
[Result "1/2-1/2"]
[WhiteElo "1368"]
[BlackElo "1639"]
[PlyCount "80"]
[EventDate "2015.??.??"]

1. e4 e5 2. Nf3 d6 3. d4 exd4 4. Qxd4 Nc6 5. Bb5 Bd7 6. Bxc6 Bxc6 7. Nc3 Nf6 8.
Bg5 Be7 9. O-O O-O 10. Rfe1 h6 11. Bh4 Nd7 12. Bg3 Bf6 13. e5 dxe5 14. Nxe5
Bxe5 15. Bxe5 Qg5 16. Bg3 Nf6 17. h3 Rad8 18. Qe3 Qg6 19. Qe2 Rd7 20. Rad1 Rxd1
21. Nxd1 Nh5 22. Qd3 Qg5 23. Re5 Nf4 24. Qe3 Nd5 25. Qe4 Qd2 26. Qe2 Qb4 27. c4
Nf6 28. c5 Rd8 29. Nc3 Re8 30. Rxe8+ Nxe8 31. Qe5 Qxb2 32. Qd4 Qc1+ 33. Kh2 Qf1
34. Ne4 Nf6 35. Nxf6+ gxf6 36. Qg4+ Kf8 37. Qc8+ Ke7 38. Qxc7+ Kf8 39. Qc8+ Kg7
40. Qg4+ Kh7 1/2-1/2

[Event "SR 5. liga SE-SI 2015/2016"]
[Site "?"]
[Date "2016.01.16"]
[Round "5.4"]
[White "Pisecky, Jan"]
[Black "Kaufman, Robert"]
[Result "0-1"]
[WhiteElo "1478"]
[BlackElo "1256"]
[PlyCount "88"]
[EventDate "2015.??.??"]

1. e4 e5 2. Bc4 Nf6 3. Nf3 Nc6 4. Nc3 Bc5 5. h3 d6 6. d3 Be6 7. Bxe6 fxe6 8.
Na4 Bb6 9. Nxb6 axb6 10. Bg5 O-O 11. c3 d5 12. Qc2 Qd6 13. a3 Nh5 14. O-O Nf4
15. Rad1 Nxh3+ 16. gxh3 Rxf3 17. Kg2 Raf8 18. Bh4 Ne7 19. Bg3 c5 20. d4 Qc6 21.
dxe5 Nc8 22. Rfe1 b5 23. exd5 exd5 24. Kg1 Qe6 25. Rd3 R3f5 26. h4 Nd6 27. Qe2
Ne4 28. Qg4 Nf6 29. Qh3 h5 30. Rf3 Ng4 31. Rxf5 Rxf5 32. Qf1 Qg6 33. f4 Rf8 34.
Qf3 d4 35. cxd4 cxd4 36. Qd5+ Kh8 37. Qxd4 Nxe5 38. Qe3 Re8 39. fxe5 Qc2 40.
Re2 Qd1+ 41. Be1 Qa4 42. Qg5 Qd4+ 43. Bf2 Qd1+ 44. Kh2 Qxe2 0-1

[Event "SR 5. liga SE-SI 2015/2016"]
[Site "?"]
[Date "2016.01.16"]
[Round "5.4"]
[White "Svarc, Vaclav"]
[Black "Sprusansky, Ferdinand"]
[Result "1-0"]
[WhiteElo "1300"]
[BlackElo "1401"]
[PlyCount "135"]
[EventDate "2015.??.??"]

1. e4 e5 2. Nf3 Nc6 3. Bb5 Nf6 4. Nc3 a6 5. Bc4 h6 6. d4 exd4 7. Nxd4 b5 8. Bb3
Ne5 9. Bf4 Nc4 10. Bxc4 bxc4 11. Qe2 c5 12. Nf5 d6 13. Rd1 Bxf5 14. exf5+ Qe7
15. Qxe7+ Bxe7 16. Bxd6 Rd8 17. Bxe7 Rxd1+ 18. Nxd1 Kxe7 19. O-O Re8 20. Re1+
Kf8 21. Rxe8+ Kxe8 22. Ne3 c3 23. bxc3 Ne4 24. c4 Kd7 25. Ng4 f6 26. f3 Nd6 27.
Ne3 h5 28. g4 hxg4 29. fxg4 Ne4 30. Kg2 a5 31. Nd5 Kd6 32. Kf3 Nd2+ 33. Kf4
Nxc4 34. Ne3 Ne5 35. g5 c4 36. h4 c3 37. gxf6 gxf6 38. h5 Nf7 39. Ng4 Ke7 40.
h6 Ng5 41. Ne5 a4 42. Nf3 Nf7 43. h7 Kd6 44. Nd4 Kc5 45. Ne2 Kb4 46. Kg4 Kc5
47. Nxc3 a3 48. Ne4+ Kb4 49. Kh5 Nh8 50. Kh6 Kc4 51. Kg7 Kd4 52. Kxh8 Kxe4 53.
Kg7 Kxf5 54. h8=Q Kf4 55. Kxf6 Ke4 56. Qd8 Ke3 57. Qd5 Ke2 58. Qd4 Ke1 59. Qd3
Kf2 60. Qe4 Kf1 61. Qe3 Kg2 62. Qf4 Kg1 63. Qf3 Kh2 64. Qg4 Kh1 65. Kf5 Kh2 66.
Kf4 Kh1 67. Kf3 Kh2 68. Qg2# 1-0

[Event "SR 5. liga SE-SI 2015/2016"]
[Site "?"]
[Date "2016.01.16"]
[Round "5.5"]
[White "Petras, Michal"]
[Black "Kovarik, Oto"]
[Result "0-1"]
[WhiteElo "1246"]
[BlackElo "1799"]
[PlyCount "76"]
[EventDate "2015.??.??"]

1. e4 c5 2. Nf3 e6 3. Nc3 Nc6 4. Bb5 Nge7 5. d3 a6 6. Bxc6 Nxc6 7. O-O Be7 8.
Bf4 O-O 9. Re1 d6 10. e5 b5 11. exd6 Bxd6 12. Bxd6 Qxd6 13. Ne4 Qe7 14. c3 Bb7
15. Qd2 Rad8 16. Qe3 c4 17. dxc4 bxc4 18. Rad1 Rxd1 19. Rxd1 Rd8 20. Rxd8+ Qxd8
21. Qd2 Qxd2 22. Nfxd2 Na5 23. Nd6 Bd5 24. N6e4 Nb7 25. b3 f5 26. Ng3 Nd6 27.
bxc4 Nxc4 28. Nxc4 Bxc4 29. a3 g6 30. f4 Kf7 31. Kf2 e5 32. fxe5 Ke6 33. Ne2
Kxe5 34. Nd4 Ke4 35. Ne2 Kd3 36. Kf3 Kc2 37. Ke3 Bxe2 38. Kxe2 Kxc3 0-1

[Event "SR 5. liga SE-SI 2015/2016"]
[Site "?"]
[Date "2016.01.16"]
[Round "5.5"]
[White "Vach, Jozef"]
[Black "Cibula, Marian"]
[Result "1-0"]
[WhiteElo "1700"]
[BlackElo "1107"]
[PlyCount "66"]
[EventDate "2015.??.??"]

1. d4 d5 2. c4 Nf6 3. Nc3 Bf5 4. Nf3 e6 5. Bg5 Bb4 6. Qa4+ Nc6 7. Bxf6 gxf6 8.
a3 Bxc3+ 9. bxc3 Qd7 10. e3 O-O-O 11. c5 Rhe8 12. Ra2 Nb8 13. Qxa7 c6 14. Rb2
Re7 15. Rb6 Qc7 16. Qa8 Bc2 17. Kd2 Be4 18. a4 Rdd7 19. a5 Kd8 20. a6 Ke8 21.
a7 Rd8 22. axb8=Q Rxb8 23. Qa3 Qc8 24. Bd3 Ra8 25. Qb2 Bxd3 26. Kxd3 Ra6 27.
Rxa6 bxa6 28. Rb1 Kd8 29. Qb8 Rc7 30. Rb6 a5 31. Qxc8+ Rxc8 32. Ra6 Kd7 33.
Rxa5 Rc7 1-0

[Event "SR 5. liga SE-SI 2015/2016"]
[Site "?"]
[Date "2016.01.16"]
[Round "5.5"]
[White "Datko, Jan"]
[Black "Stasek, Daniel"]
[Result "0-1"]
[WhiteElo "1000"]
[BlackElo "1605"]
[PlyCount "96"]
[EventDate "2015.??.??"]

1. e4 e6 2. Nc3 d5 3. exd5 exd5 4. d4 Nf6 5. Nf3 Be7 6. Bd3 O-O 7. O-O Bg4 8.
Bf4 c6 9. h3 Bh5 10. Be2 Re8 11. Qd2 Bb4 12. Be5 Ne4 13. Qd3 f6 14. Bh2 Bxc3
15. bxc3 Nxc3 16. g4 Nxe2+ 17. Kh1 Bg6 18. Qd2 Qe7 19. Rab1 Qe4 20. Kg2 f5 21.
g5 Bh5 22. Qe3 Bxf3+ 23. Qxf3 Qxf3+ 24. Kxf3 Nxd4+ 25. Kg2 b6 26. c3 Nb5 27.
Rbc1 Nd7 28. c4 dxc4 29. Rxc4 c5 30. Rd1 Nd4 31. h4 Re2 32. a4 Ne5 33. Bxe5
Rxe5 34. Rc3 Rae8 35. Rd2 Re2 36. Rcd3 Rxd2 37. Rxd2 Re2 38. Rd1 Ra2 39. Re1
Kf7 40. a5 Rxa5 41. Re3 Ra2 42. Rg3 a5 43. h5 a4 44. g6+ hxg6 45. hxg6+ Kf6 46.
Rd3 a3 47. Kg3 b5 48. Rc3 Ne2+ 0-1

[Event "SR 5. liga SE-SI 2015/2016"]
[Site "?"]
[Date "2016.01.16"]
[Round "5.5"]
[White "Sekac, Martin"]
[Black "Sladek, Michal"]
[Result "0-1"]
[WhiteElo "1000"]
[BlackElo "1275"]
[PlyCount "84"]
[EventDate "2015.??.??"]

1. e4 e5 2. Nc3 Bc5 3. Qe2 c6 4. Nf3 d6 5. d3 h6 6. Be3 Qb6 7. Na4 Qb4+ 8. Nc3
Qxb2 9. Rd1 Qxc3+ 10. Qd2 Qxd2+ 11. Nxd2 Bxe3 12. fxe3 Nf6 13. Be2 Bg4 14. Bf3
Bxf3 15. Nxf3 Ng4 16. Ke2 Na6 17. Nd2 Nb4 18. Nc4 O-O-O 19. Kd2 Nf2 20. a3 Na6
21. Na5 Nxh1 22. Rxh1 Rd7 23. Rb1 Nc5 24. Rb4 d5 25. exd5 Rxd5 26. d4 exd4 27.
exd4 Rhd8 28. c3 Ne4+ 29. Kc2 Rxa5 30. d5 cxd5 31. c4 Rc5 32. Kb3 Rxc4 33. Rb5
Rc3+ 34. Ka4 Rd6 35. Kb4 Rb6 36. Ka5 Rxb5+ 37. Kxb5 Rxa3 38. Kb4 Rc3 39. Kb5 d4
40. h3 d3 41. g4 d2 42. h4 d1=Q 0-1

[Event "SR 5. liga SE-SI 2015/2016"]
[Site "?"]
[Date "2016.01.30"]
[Round "6.1"]
[White "Brunovsky, Peter"]
[Black "Kovarik, Oto"]
[Result "1/2-1/2"]
[WhiteElo "1838"]
[BlackElo "1799"]
[PlyCount "137"]
[EventDate "2015.??.??"]

1. c4 e6 2. e4 c5 3. Nc3 Nc6 4. g3 a6 5. Bg2 d6 6. Nge2 Rb8 7. a4 Nb4 8. d3 Be7
9. O-O Nf6 10. h3 O-O 11. Kh2 d5 12. Bf4 Ra8 13. g4 d4 14. Na2 Nc6 15. Bg3 e5
16. f4 Bd6 17. f5 h6 18. Bf3 Bd7 19. Rg1 Nh7 20. Rg2 Be7 21. Qe1 Bg5 22. Ng1
Be3 23. b4 a5 24. b5 Nb4 25. Nxb4 cxb4 26. Bxe5 Ng5 27. Bd1 f6 28. Bd6 Re8 29.
Bg3 Qe7 30. h4 Nf7 31. Nf3 Ne5 32. Nxe5 fxe5 33. Bb3 Kh7 34. Kh1 Rac8 35. Rh2
g6 36. Qe2 Qg7 37. Rh3 b6 38. Qh2 Re7 39. Rf1 Rf8 40. Qe2 gxf5 41. gxf5 Qf6 42.
Bf2 Bf4 43. Rg1 Rg7 44. Rxg7+ Qxg7 45. Qf3 Bc1 46. Rg3 Qe7 47. Rg6 Rf6 48. Qg4
Be8 49. Rxf6 Qxf6 50. c5 Bf7 51. Bxf7 Qxf7 52. Qg6+ Qxg6 53. fxg6+ Kxg6 54. c6
b3 55. c7 b2 56. c8=Q b1=Q 57. h5+ Kf6 58. Qf5+ Ke7 59. Qxe5+ Kf7 60. Qd5+ Kf8
61. Qd8+ Kf7 62. Qd7+ Kf8 63. Qf5+ Ke8 64. Qe6+ Kf8 65. Qd6+ Ke8 66. Qe5+ Kf7
67. Qd5+ Ke8 68. Qg8+ Ke7 69. Qg7+ 1/2-1/2

[Event "SR 5. liga SE-SI 2015/2016"]
[Site "?"]
[Date "2016.01.30"]
[Round "6.1"]
[White "Stasek, Daniel"]
[Black "Vlk, Jaroslav"]
[Result "1/2-1/2"]
[WhiteElo "1605"]
[BlackElo "1000"]
[PlyCount "74"]
[EventDate "2015.??.??"]

1. e4 e5 2. Nf3 Nc6 3. Bb5 d6 4. d4 Bd7 5. Nc3 a6 6. Bxc6 Bxc6 7. dxe5 dxe5 8.
Qxd8+ Rxd8 9. Nxe5 Bd7 10. Nd5 Bd6 11. Nc4 f6 12. Nxd6+ cxd6 13. Nc7+ Kf7 14.
Be3 Rc8 15. Bb6 Ne7 16. O-O-O Bc6 17. Rd4 Rhd8 18. Rhd1 Rd7 19. f3 Rdxc7 20.
Bxc7 Rxc7 21. Rxd6 Nc8 22. R6d4 Ke7 23. b3 Nb6 24. a4 Rd7 25. a5 Rxd4 26. Rxd4
Nd7 27. b4 b5 28. c4 Ne5 29. c5 Nf7 30. Kd2 Ke6 31. Ke3 g5 32. g3 h6 33. f4 g4
34. Rd1 f5 35. e5 h5 36. Rd2 Bd5 37. Kf2 Bc6 1/2-1/2

[Event "SR 5. liga SE-SI 2015/2016"]
[Site "?"]
[Date "2016.01.30"]
[Round "6.1"]
[White "Hyza, Richard"]
[Black "Cambal, Peter"]
[Result "0-1"]
[WhiteElo "1000"]
[BlackElo "1136"]
[PlyCount "140"]
[EventDate "2015.??.??"]

1. e4 c5 2. Nf3 d6 3. Nc3 Nf6 4. Bc4 g6 5. d3 Bg7 6. Be3 O-O 7. Qd2 Ng4 8.
O-O-O a6 9. h3 Nxe3 10. fxe3 b5 11. Bb3 Bd7 12. a3 Nc6 13. Ba2 Qb8 14. Rdf1 a5
15. Ng5 e6 16. Kd1 b4 17. Nd5 exd5 18. Bxd5 Be8 19. Rf2 Ra7 20. Qe2 Bxb2 21.
Qg4 Bg7 22. Qh4 h5 23. g4 Bh6 24. gxh5 Bxg5 25. Qxg5 Ne7 26. hxg6 Nxg6 27. h4
bxa3 28. h5 Qb1+ 29. Kd2 Qxh1 30. hxg6 Kg7 31. gxf7+ Kh8 32. Rg2 Qxg2+ 33. Qxg2
Bxf7 34. Qh3+ Kg7 35. Qg4+ Bg6 36. Qg5 Rc7 37. Be6 Re7 38. Bf5 Rf6 39. Ke2 a2
40. Qg1 Rb7 41. Qa1 Bh5+ 42. Kd2 Bf7 43. c4 Ra7 44. Qxa2 Kf8 45. Qa1 Rh6 46.
Qg1 a4 47. Qa1 a3 48. Kc3 a2 49. Kb3 Rh1 50. Qxh1 a1=Q 51. Qxa1 Rxa1 52. Kb2
Re1 53. Kc3 Rxe3 54. Kd2 Rg3 55. Ke2 Rg2+ 56. Kf3 Ra2 57. Ke3 Ra3 58. Kd2 Ke7
59. Ke3 Bxc4 60. Kf4 Bxd3 61. e5 Bxf5 62. Kxf5 dxe5 63. Kxe5 Rd3 64. Ke4 c4 65.
Kf4 Ke6 66. Ke4 Kf6 67. Kf4 c3 68. Ke4 Rd8 69. Kf4 c2 70. Ke4 c1=Q 0-1